Microcontroller programming: the microchip PIC (Record no. 9828)
[ view plain ]
| 000 -LEADER | |
|---|---|
| fixed length control field | 00516 a2200157 4500 |
| 040 ## - CATALOGING SOURCE | |
| Original cataloging agency | DLC |
| Language of cataloging | DLC |
| 100 1# - MAIN ENTRY--PERSONAL NAME | |
| Personal name | Sanchez, Julio, |
| 245 10 - TITLE STATEMENT | |
| Title | Microcontroller programming: the microchip PIC |
| Remainder of title | the microchip PIC |
| Statement of responsibility, etc. | Julio Sanchez, Maria P. Canton |
| 260 ## - PUBLICATION, DISTRIBUTION, ETC. | |
| Place of publication, distribution, etc. | Boca Raton, FL : |
| Name of publisher, distributor, etc. | CRC Press, |
| Date of publication, distribution, etc. | c2007. |
| 300 ## - PHYSICAL DESCRIPTION | |
| Extent | xvii, 804 p. : |
| Other physical details | ill. ; |
| Dimensions | 27 cm. |
| 500 ## - GENERAL NOTE | |
| General note | Includes index. |
| 650 #0 - SUBJECT ADDED ENTRY--TOPICAL TERM | |
| Topical term or geographic name entry element | Programmable controllers. |
| 650 #0 - SUBJECT ADDED ENTRY--TOPICAL TERM | |
| Topical term or geographic name entry element | Microprocessors |
| General subdivision | Programming. |
| 700 1# - ADDED ENTRY--PERSONAL NAME | |
| Personal name | Canton, Maria P. |
| 942 ## - ADDED ENTRY ELEMENTS (KOHA) | |
| Koha item type | Book |
| Call number prefix | 629.895 SAN |
| Source of classification or shelving scheme | |
| Withdrawn status | Lost status | Damaged status | Not for loan | Collection code | Permanent Location | Current Location | Shelving location | Date acquired | Source of acquisition | Cost, normal purchase price | Total Checkouts | Full call number | Barcode | Date last seen | Date last checked out | Price effective from | Koha item type |
|---|---|---|---|---|---|---|---|---|---|---|---|---|---|---|---|---|---|
| Central Library (CL) | Central Library (CL) | General Stacks | 12/31/2007 | Progressive International Agencies | 9813.20 | 2 | 629.895 SAN | SEECS008859 | 02/21/2022 | 07/11/2016 | 01/05/2017 | Book |
